000 00304nam a22001337a 4500
008 170424b xxu||||| |||| 00| 0 eng d
020 _a9780030336041
041 _aeng
080 _25TH
_a547
100 _a12
101 _aSHM
245 _aCHEMISTRY & CHEMICAL REACTIVITY
_cTREICHEL
942 _2udc
_cBK
999 _c11671
_d11671